000 00519nam a2200157Ia 4500
008 240729s9999 xx 000 0 und d
022 _a2600-9633
245 0 _aInternational Journal of Electrical Engineering and Applied Sciences
260 _aMalaysia
260 _bPenerbit Universiti Teknikal Malaysia Melaka
650 _a Electrical engineering. Electronics. Nuclear engineering
650 _aTechnology
856 _uhttps://doaj.org/toc/1ca49365f6e1411cac9bc9594255f955
942 _2ddc
942 _cDOAJEJ
999 _c66107
_d66107
945 _a1
_bMadushi Gamage
_c1
_dMadushi Gamage